000 00512nam a2200157Ia 4500
008 100122s9999 xx 000 0 und d
082 _b45574
_a823
100 _aरेड्डी केशव
245 _aक्षुद्रदेवता
260 _bमराठी साहित्य परिषद
_c1990
300 _a105
630 _aक्षुद्रदेवता
700 _aकोरबा अरविंद
730 _aक्षुद्रदेवता
942 _cBOOK
999 _c424997
_d424994